000 00893nam a2200265Ia 4500
003 OSt
005 20221005084809.0
006 a|||||r|||| 00| 0
007 ta
008 221004b |||||||| |||| 00| 0 eng d
020 _a9781843839484 (hbk)
_c6130.19
024 _a24017
037 _b2379, 04/12/2015, Govinda Book House
_cTextual
040 _aCRL
_cCRL
_beng
041 _2eng
_aeng
082 _aV2:594.M, Q4
100 _aMacDougall Philip
_9467507
245 0 _aNaval resistance to britain's growing power in india 1660-1800
_bThe saffron banner and the tiger of mysore
260 _aNew York
_bBoydell Press U.S.A.
_c2014
300 _axvi, 205p.
_ccm.
490 _aWorlds of the east india company; Vol. 10
650 _aHISTORY
942 _hV2:594.M, Q4
_cTEXL
_2cc
999 _c993108
_d993108